MARC

Tag First Indicator Second Indicator Subfields
LEADER 00000cas a2200000 a 4500
001 in00002786098
005 20151202172155.0
006 m o d s
007 cr |||||||||||
008 110722d19891995sp fr poo s0 0spa c
010 |a  2011235773 
022 |l 0214-7610  |y 0214-7610 
029 1 |a NZ1  |b 13876573 
035 |a (OCoLC)ocn742060035 
035 |a (OCoLC)742060035 
040 |a EYM  |c EYM  |d HUL  |d OCLCQ  |d TXA  |d UtOrBLW 
042 |a pcc 
043 |a e-sp--- 
049 |a TXAM 
050 1 4 |a DP233  |b .H57 Electronic 
245 0 0 |a Historia y fuente oral. 
264 1 |a Barcelona :  |b Universitat de Barcelona, Publicacions :  |b Ajuntament de Barcelona, Institut Municipal d'Història,  |c 1989-1995. 
310 |a Semiannual 
336 |a text  |b txt  |2 rdacontent 
337 |a computer  |b c  |2 rdamedia 
338 |a online resource  |b cr  |2 rdacarrier 
362 1 |a Began with: No 1 (Año 1989); ceased with: No 14 (Año 1995). 
550 |a Issued by: Seminario de Historia Oral del Departamento de Historia Contemporánea de la Universidad de Barcelona y del Institut Municipal d'Història, and by: Arxiu Històric de la Ciutat, no. 4 (1990)-1995. 
588 |a Description based on: No 1 (Año 1989); title from PDF cover (JSTOR, viewed July 22, 2011). 
588 |a Latest issue consulted: No 14 (Año 1995) (JSTOR, viewed July 22, 2011). 
500 |a Electronic resource. 
651 0 |a Spain  |x History  |y 20th century  |v Periodicals. 
651 0 |a Latin America  |x History  |y 20th century  |v Periodicals. 
650 0 |a Oral history  |v Periodicals. 
710 2 |a Seminario de Historia Oral del Departamento de Historia Contemporánea de la Universidad de Barcelona y del Institut Municipal d'Història. 
710 1 |a Barcelona (Spain).  |b Arxiu Històric de la Ciutat. 
776 0 8 |i Print version:  |t Historia y fuente oral  |x 0214-7610  |w (DLC) 89661484  |w (OCoLC)21062457 
785 0 0 |t Historia antropología y fuentes orales  |w (DLC) 2011235772  |w (OCoLC)502282250 
948 |a cataloged  |b h  |c 2012/12/21  |d c  |e spoltoratski  |f 9:34:53 am  |g sc 
994 |a C0  |b TXA 
999 |a MARS 
999 f f |s c9f28a0b-98ef-3ce9-a9a1-3f7fd0a1cebb  |i b2fb4dcd-3ac0-3dd8-8e8d-426a2d5fe880  |t 0 
952 f f |a Texas A&M University  |b College Station  |c Electronic Resources  |d Available Online  |t 0  |e DP233 .H57  |g Electronic  |h Library of Congress classification 
998 f f |a DP233 .H57  |t 0  |l Available Online